| 000 | 01075cam a22003015a 4500 | ||
|---|---|---|---|
| 006 | a||||fr|||| 00| 0 | ||
| 008 | 150816s1995 nyuad||f |||| 001 0 eng d | ||
| 010 | _a 94048290 | ||
| 020 | _a0078414474 (acid-free paper) | ||
| 020 | _a0071139893 : | ||
| 020 | _a9780071139892 | ||
| 040 |
_aEG-ScBUE _beng _cEG-ScBUE |
||
| 082 | 0 | 4 |
_a658.4032 _bHIL _222 |
| 100 | 1 |
_aHillier, Frederick S. _919456 |
|
| 245 | 1 | 0 |
_aIntroduction to operations research / _cFrederick S. Hillier, Gerald J. Lieberman. |
| 250 | _a6th ed. | ||
| 260 |
_aNew York : _bMcGraw-Hill, _cc1995. |
||
| 300 |
_axix, 998 p. : _bill., _c24 cm.+ _e1 disk |
||
| 490 | _aMcGraw-Hill series in industrial engineering and management science | ||
| 504 | _aIncludes bibliographical references and indexes. | ||
| 538 | _aSystem requirements for accompanying computer disk: IBM PC compatibles. | ||
| 650 | 0 |
_aOperations research. _2BUEsh |
|
| 651 | _2BUEsh | ||
| 653 |
_bCOMSCI _cAugust2015 |
||
| 655 |
_vtext book _933728 |
||
| 700 | 1 |
_aLieberman, Gerald J. _919458 |
|
| 942 |
_cBB _k658.4032H6543 _2ddc |
||
| 999 |
_c9302 _d4600 |
||